Überlast in Rechensystemen Modellierung und Verhinderung

Saved in:
Bibliographic Details
Main Author: Heiss, Hans-Ulrich
Format: Book
Language:German
Published: Berlin Springer 1988
Edition:1. Aufl.
Tags: Add Tag
No Tags, Be the first to tag this record!

MARC

LEADER 00000nam a2200000 4500
001 c028147
005 20221219111346.0
041 0 |a ger 
044 |a DE 
245 1 0 |a Überlast in Rechensystemen  |b Modellierung und Verhinderung  |c Hans-Ulrich Heiss 
250 |a 1. Aufl. 
264 1 |a Berlin  |b Springer  |c 1988 
300 |a 176 s. 
100 1 |a Heiss, Hans-Ulrich